000 00336 a2200157 4500
001 14537
020 _a9788578276270
040 _cAnchieta - Aquarius
100 _aCarvalho, Beatriz
240 1 0 _aMisturichos
_lpor
245 1 0 _aMisturichos
300 _a31
362 0 _a2012
650 4 _aLiteratura infanto-juvenil
942 _cBK
999 _c14537
_d14537